The foreign trade practices of centrally planned economies and their effects on U.S. international competitiveness /

Bibliographic Details
Main Author: Neuberger, Egon
Corporate Author: NPA Committee on Changing International Realities
Other Authors: Lara, Juan
Format: Book
Language:English
Published: Washington : NPA Committee on Changing International Realities, [1977]
Series:CIR report ; #3.
NPA report ; no. 157.
Subjects:

MARC

Tag First Indicator Second Indicator Subfields
LEADER 00000cam a2200000 i 4500
001 in00000611368
005 20151015052004.0
008 780207s1977 dcu b 00010 eng
020 |a 0890680434 :  |c $3.00 
035 |a (OCoLC)03551565 
035 |9 ACT9656AM 
040 |a DLC  |c DLC  |d TXA  |d UtOrBLW 
043 |a ee-----  |a n-us--- 
049 |a TXAM  |c [1494413] 
050 0 0 |a HF1532 1977  |b .N48 
082 0 |a 382/.3/0973 
100 1 |a Neuberger, Egon. 
245 1 4 |a The foreign trade practices of centrally planned economies and their effects on U.S. international competitiveness /  |c by Egon Neuberger and Juan Lara. 
264 1 |a Washington :  |b NPA Committee on Changing International Realities,  |c [1977] 
264 4 |c ©1977 
300 |a ix, 46 pages ;  |c 26 cm. 
336 |a text  |b txt  |2 rdacontent 
337 |a unmediated  |b n  |2 rdamedia 
338 |a volume  |b nc  |2 rdacarrier 
490 1 |a CIR report ; #3 
490 1 |a NPA report ; #157 
504 |a Includes bibliographical references. 
650 0 |a Competition. 
650 0 |a Commerce. 
651 0 |a Europe, Eastern  |x Commercial policy. 
651 0 |a United States  |x Commercial policy. 
700 1 |a Lara, Juan. 
710 2 |a NPA Committee on Changing International Realities. 
740 4 |a The foreign trade practices of centrally planned economies ... 
830 0 |a CIR report ;  |v #3. 
830 0 |a NPA report ;  |v no. 157. 
999 |a MARS 
999 f f |s 40c79e9f-0cf1-3527-8a58-5c800c2ecd53  |i 970737ed-dadc-3c30-8205-4ddde0a65a9d  |t 0 
952 f f |p ric  |a Texas A&M University  |b Rellis Campus  |c Joint Library Facility  |d Remote Storage  |t 0  |e HF1532 1977 .N48  |h Library of Congress classification  |i unmediated -- volume  |m A14802769924 
998 f f |a HF1532 1977 .N48  |t 0  |l Remote Storage